| 000 | 00598nam a2200181Ia 4500 | ||
|---|---|---|---|
| 003 | GCL | ||
| 008 | 140319s9999 xx 000 0 ara d | ||
| 040 |
_aGCL / _cGCL |
||
| 082 | 0 | 4 |
_a839.82 _bا ع |
| 100 | 1 | _aابسن، هنريك | |
| 245 | 1 | 0 |
_aعندما نبعث نحن الموتى / _cابسن، هنريك |
| 700 | 1 | _aمحمود سامى احمد | |
| 490 |
_aروائع المسرح العالمى _v0 |
||
| 650 | 0 | 4 | _aالادب النرويجى |
| 650 | 0 | 4 | _aالمسرحيات النرويجية |
| 650 | 0 | 4 | _aالمسرحيات النرويجية المترجمة |
| 942 |
_2ddc _cBK |
||
| 999 |
_c49540 _d49540 |
||